000 00746nac a22002650a 4500
001 PT52246
003 AR-LpoUNG
005 20210201005516.0
008 201001s2013||||ag |||||||||||||||||spa d
020 _a9789876291071
_c$ARGENTINA
040 _aAR-LpoUNG
_bspa
_eaacr
041 _aspa
044 _aag
082 0 _aA863 827v2
100 1 _aCortázar, Julio
245 1 3 _aLa vuelta al día en ochenta mundos
250 _a1ra. ed.
260 _aBuenos Aires :
_bSiglo Veintiuno,
_cnoviembre 2013.
300 _a198 p. :
_bil.
_a(2
_fVolúmenes)
_3Impreso
490 0 _aLa vuelta al día en ochenta mundos
651 4 _aDOCUMENTOS TEORICOS O METODOLOGICOS
653 _aLITERATURA ARGENTINA
905 _a52246
942 _cLSALA
999 _c49959
_d49959